000
00261nam a2200097Ia 4500
001
1228850
005
20250827093050.0
008
250824s9999 xx 000 0 und d
245
0
_a
ISSIZ ERKEKLER KOROSU
_c
CANAN TAN
260
_b
ALTIN KİTAPLAR
999
_c
1228850
_d
1228850